| 000 | 01387nam a22003737a 4500 | ||
|---|---|---|---|
| 003 | CHAP | ||
| 005 | 20220329141142.0 | ||
| 008 | 971010s1915 r 00010 d | ||
| 010 | _a63475 | ||
| 011 | _a64447 | ||
| 035 | _a69779 | ||
| 040 | _cCHAP | ||
| 082 |
_a513 _bW4 |
||
| 100 | 0 | 0 |
_aWentworth, George. _9121482 |
| 245 | _aGeometría plana y del espacío | ||
| 260 |
_aBoston : _bGinn, _c1915 |
||
| 300 | _a469 p. ilus | ||
| 590 |
_aBATCH-UPD _b10 _c20130110 _lUCH01 _h0804 |
||
| 590 |
_aBATCH-UPD _b10 _c20130410 _lUCH01 _h0442 |
||
| 590 |
_aBATCH-UPD _b10 _c20130914 _lUCH01 _h1540 |
||
| 590 |
_aCONVERSION _b10 _c20130109 _lUCH01 _h1334 |
||
| 650 | 1 | 4 |
_aGeometría. _947652 |
| 700 | 0 |
_aSmith, David Eugene. _9106987 |
|
| 901 | _aBK | ||
| 942 | _cLIBRO | ||
| 949 |
_a513 W4 _bBC _cLIBRO _d33724000395240 _eLIBRO _fc.36 _h7472 _i69779 _si |
||
| 949 |
_a513 W4 _bBC _cLIBRO _d33724000572715 _eLIBRO _fc.40 _h7414 _i69779 _sm |
||
| 949 |
_a513 W4 _bBC _cLIBRO _d33724000746384 _eLIBRO _fc.3 _h7448 _i69779 _si |
||
| 949 |
_a513 W4 _bBC _cLIBRO _d33724000820924 _eLIBRO _fc.8 _h26564rep. _i69779 _so |
||
| 949 |
_a513 W4 _bBC _cLIBRO _d33724000911939 _eLIBRO _fc.5 _i69779 _si |
||
| 949 |
_a513 W4 _bBC _cLIBRO _d33724000911996 _eLIBRO _fc.101 _h7516 _i69779 _si |
||
| 949 |
_a513 W4 _bBC _cLIBRO _d33724000937744 _eLIBRO _fc.135 _h78549 _i69779 _si |
||
| 949 |
_a513 W4 _bBC _cLIBRO _d33724002111040 _eLIBRO _fc.61 _h7488 _i69779 _so |
||
| 999 |
_c63475 _d63475 |
||